Herencia y la etiologia de las neurosis (Registro nro. 28026)

Detalles MARC
000 -CABECERA
campo de control de longitud fija 00268nam a2200121Ia 4500
001 - NÚMERO DE CONTROL
campo de control 28026
003 - IDENTIFICADOR DEL NÚMERO DE CONTROL
campo de control 92716
005 - FECHA Y HORA DE LA ÚLTIMA TRANSACCIÓN
campo de control 20201025090900.0
008 - DATOS DE LONGITUD FIJA--INFORMACIÓN GENERAL
campo de control de longitud fija ||||||n9999 ||| || ||
245 #0 - MENCIÓN DE TÍTULO
Título Herencia y la etiologia de las neurosis
562 ## - NOTA DE IDENTIFICACIÓN DE LA COPIA Y VERSIÓN
Número de copias 0
942 ## - ELEMENTOS DE PUNTO DE ACCESO ADICIONAL (KOHA)
Tipo de ítem Koha Capítulo de Libro

No hay ítems disponibles.